000 00739nas a2200265 4500
001 BR7305943
003 BR-BrBNA
005 20231205082547.0
007 ta
008 230509b bl.|||p| |||| 00| 00por d
040 _aBR-BrBNA
_bpor
_cBiblioteca Nacional de Agricultura
041 _a(Pt)
072 _aL00; L10
100 1 _aAnon.
245 1 _aCavidade pelvica da a medida da boa poedeira
650 _aGALINHA
650 _aOVO
650 _aMILHO
650 _aMELHORAMENTO GENETICO ANIMAL
650 _aGALINHA PARA POSTURA
650 _aOVIDUTO
773 0 _tAgricultura e Pecuaria (Brazil)
_xISSN 0100-249X
_g(May 1977), (no. 618) p. 13
_wBR7305943
909 _a202311
_bLúcia
_c55
_dLúcia Elande
942 _2AGRIS
_n0
_cANA
999 _c92797
_d92797